[Event "Biel HTO 56th"]
[Site "Biel"]
[Date "2023.07.17"]
[Round "1"]
[White "Ribiere, Damien"]
[Black "Bharath, Subramaniyam H"]
[Result "0-1"]
[WhiteElo "2213"]
[BlackElo "2488"]
[PlyCount "60"]
[EventDate "2023.07.17"]
[EventType "swiss"]
[EventRounds "10"]
[EventCountry "SUI"]
[SourceTitle "CBM 215 Extra"]
[Source "ChessBase"]
[SourceDate "2023.09.30"]
[SourceVersion "1"]
[SourceVersionDate "2023.09.30"]
[SourceQuality "1"]

1. e4 c5 2. a3 Nc6 3. b4 cxb4 4. axb4 Nxb4 5. c3 Nc6 6. d4 d6 7. Bd3 Nf6 8. Ne2 g6 9. 0-0 Bg7 10. f4 0-0 11. Nd2 Bg4 12. Nf3 a6 13. Qe1 e5 14. d5 Nb8 15. fxe5 dxe5 16. Qh4 Nbd7 17. Ng3 Rc8 18. h3 Bxf3 19. Rxf3 Rxc3 20. Bd2 Rb3 21. Raf1 Nc5 22. Bg5 Rxd3 23. Rxd3 Nxd3 24. Rxf6 Qc8 25. Kh2 Nf4 26. Bh6 Qc2 27. Rxf4 exf4 28. Nf5 gxf5 29. Bxg7 f3 30. Qg3 Qxg2+ 0-1

[Event "Paris-ch IdF"]
[Site "Paris"]
[Date "2023.07.15"]
[Round "8"]
[White "Ribiere, Damien"]
[Black "Bouget, Alexandre"]
[Result "1/2-1/2"]
[WhiteElo "2213"]
[BlackElo "2253"]
[PlyCount "21"]
[EventDate "2023.07.11"]
[EventType "swiss"]
[EventRounds "9"]
[EventCountry "FRA"]
[SourceTitle "CBM 215 Extra"]
[Source "ChessBase"]
[SourceDate "2023.09.30"]
[SourceVersion "1"]
[SourceVersionDate "2023.09.30"]
[SourceQuality "1"]

1. e4 e5 2. Nc3 Nf6 3. Bc4 Bc5 4. d3 c6 5. Nf3 0-0 6. Bg5 b5 7. Bb3 d6 8. h3 a5 9. a4 b4 10. Ne2 Be6 11. Ng3 1/2-1/2

[Event "Basel Easter op"]
[Site "Basel"]
[Date "2023.04.10"]
[Round "9"]
[White "Ribiere, Damien"]
[Black "Stork, Oliver"]
[Result "1/2-1/2"]
[WhiteElo "2169"]
[BlackElo "2353"]
[PlyCount "59"]
[EventDate "2023.04.06"]
[EventType "swiss"]
[EventRounds "9"]
[EventCountry "SUI"]
[SourceTitle "EXT 2024"]
[Source "ChessBase"]
[SourceDate "2023.10.10"]
[SourceVersion "1"]
[SourceVersionDate "2023.10.10"]
[SourceQuality "1"]

1. e4 c6 2. Ne2 d5 3. e5 c5 4. d4 Nc6 5. c3 Bf5 6. dxc5 e6 7. b4 Nxe5 8. Nd4 Ne7 9. Bb5+ N5c6 10. 0-0 Bxb1 11. Rxb1 e5 12. Nb3 a6 13. Ba4 g6 14. Na5 Qd7 15. Bg5 Bg7 16. Bxe7 Kxe7 17. Nxb7 Qxb7 18. Qxd5 Rhc8 19. f4 Qd7 20. Qe4 f5 21. Qe2 Kf8 22. Rbd1 Nd4 23. cxd4 Qxa4 24. fxe5 Qxb4 25. g4 Rd8 26. Qe3 Rd5 27. gxf5 gxf5 28. Rxf5+ Kg8 29. Qf3 Rad8 30. Rg5 1/2-1/2

[Event "EU Universities Rapid"]
[Site "Lodz"]
[Date "2022.07.18"]
[Round "7.13"]
[White "Ribiere, Damien"]
[Black "Haszon, David"]
[Result "0-1"]
[WhiteElo "2108"]
[BlackElo "2291"]
[PlyCount "64"]
[EventDate "2022.07.16"]
[EventType "team-swiss (rapid)"]
[EventRounds "9"]
[EventCountry "POL"]
[SourceTitle "CBM 209 Extra"]
[Source "ChessBase"]
[SourceDate "2022.09.30"]
[SourceVersion "1"]
[SourceVersionDate "2022.09.30"]
[SourceQuality "1"]
[WhiteTeam "Swiss Inst of Technology"]
[BlackTeam "Hungarian Sports Science Univ"]
[WhiteTeamCountry "SUI"]
[BlackTeamCountry "HUN"]

1. e4 c5 2. a3 g6 3. Nc3 Bg7 4. Bc4 Nc6 5. d3 e6 6. Ba2 Nf6 7. f4 d5 8. Nf3 dxe4 9. Nxe4 Nxe4 10. dxe4 Qxd1+ 11. Kxd1 0-0 12. c3 b5 13. Be3 c4 14. Ke2 e5 15. g3 Re8 16. Bb1 Bb7 17. Bc2 a5 18. Rhd1 exf4 19. gxf4 Nd8 20. e5 f6 21. exf6 Bxf6 22. Rd7 Bc6 23. Rc7 Ra6 24. Kf2 Ne6 25. Rxc6 Rxc6 26. f5 Nf8 27. Rg1 Kg7 28. h4 Kf7 29. fxg6+ hxg6 30. Nd4 Bxh4+ 31. Ke2 Rf6 32. Kd2 Rxe3 0-1

[Event "FRA-ch Blitz"]
[Site "Port Marly"]
[Date "2022.05.28"]
[Round "3"]
[White "Bellahcene, Bilel"]
[Black "Ribiere, Damien"]
[Result "1-0"]
[WhiteElo "2521"]
[BlackElo "2052"]
[PlyCount "71"]
[EventDate "2022.05.28"]
[EventType "swiss (blitz)"]
[EventRounds "13"]
[EventCountry "FRA"]
[SourceTitle "CBM 208 Extra"]
[Source "ChessBase"]
[SourceDate "2022.07.31"]
[SourceVersion "1"]
[SourceVersionDate "2022.07.31"]
[SourceQuality "1"]

1. e4 e5 2. Nf3 Nc6 3. Bb5 a6 4. Ba4 Bc5 5. Nc3 Nge7 6. 0-0 Ba7 7. d3 h6 8. Be3 0-0 9. Bb3 d6 10. a3 Be6 11. Nd5 Bxd5 12. exd5 Nd4 13. Nxd4 exd4 14. Bd2 Ng6 15. f4 Qf6 16. Qh5 Rae8 17. Rf2 Re7 18. Raf1 Rfe8 19. g3 Re3 20. Qg4 Ne7 21. Bxe3 dxe3 22. Re2 Nf5 23. c3 c6 24. Qf3 Ne7 25. Kh1 cxd5 26. Bxd5 Nxd5 27. Qxd5 Qe7 28. f5 Qf6 29. Qxb7 Re7 30. Qf3 Kh7 31. d4 Qg5 32. f6 gxf6 33. Qf5+ Kg7 34. Rf3 Qg6 35. Qxg6+ fxg6 36. Rfxe3 1-0

[Event "Montigny le Bretonneux op 21st"]
[Site "Montigny le Bretonneux"]
[Date "2021.12.27"]
[Round "1"]
[White "Marival, Fred"]
[Black "Ribiere, Damien"]
[Result "0-1"]
[WhiteElo "1425"]
[BlackElo "2030"]
[PlyCount "80"]
[EventDate "2021.12.26"]
[EventType "swiss"]
[EventRounds "9"]
[EventCountry "FRA"]
[SourceTitle "EXT 2023"]
[Source "ChessBase"]
[SourceDate "2022.10.05"]
[SourceVersion "1"]
[SourceVersionDate "2022.10.05"]
[SourceQuality "1"]

1. e4 d6 2. d4 Nf6 3. Nc3 g6 4. g3 Bg7 5. Bg2 0-0 6. Nge2 Nc6 7. 0-0 e5 8. d5 Nb8 9. Bg5 h6 10. Bd2 a5 11. a3 Nbd7 12. Rb1 a4 13. f4 exf4 14. Bxf4 Ng4 15. Qd2 Kh7 16. h3 Nge5 17. Qd1 Nc5 18. Be3 b6 19. Nb5 Bd7 20. Nbc3 Qe7 21. Bd4 Rae8 22. Kh2 f5 23. exf5 Bxf5 24. Nf4 Nc4 25. Bxg7 Qxg7 26. Re1 Nxb2 27. Qf3 Nc4 28. Rxe8 Rxe8 29. Ne6 Nxe6 30. dxe6 Nd2 31. Qe3 Nxb1 32. Nxb1 Rxe6 33. Qc1 Qd4 34. c3 Qe5 35. Nd2 Qe1 36. Qb2 Re2 37. Qb5 Qxd2 38. Qc6 Rxg2+ 39. Qxg2 Qxg2+ 40. Kxg2 Kg7 0-1

[Event "Barcelona IM 16th"]
[Site "Barcelona"]
[Date "2021.06.11"]
[Round "7"]
[White "Ribiere, Damien"]
[Black "Saya, Ethan"]
[Result "0-1"]
[WhiteElo "2083"]
[BlackElo "2251"]
[PlyCount "58"]
[EventDate "2021.06.06"]
[EventType "tourn"]
[EventRounds "9"]
[EventCountry "ESP"]
[EventCategory "1"]
[SourceTitle "CBM 202 Extra"]
[Source "ChessBase"]
[SourceDate "2021.07.31"]
[SourceVersion "1"]
[SourceVersionDate "2021.07.31"]
[SourceQuality "1"]

1. e4 e6 2. d4 d5 3. Nc3 Nf6 4. e5 Nfd7 5. Nce2 c5 6. c3 Nc6 7. Nf3 Rb8 8. a3 b5 9. Nf4 cxd4 10. cxd4 b4 11. a4 b3 12. Bb5 Qb6 13. 0-0 Be7 14. h4 Ba6 15. Bxa6 Qxa6 16. Ng5 Bxg5 17. hxg5 Rb4 18. Be3 Rxa4 19. Rxa4 Qxa4 20. g3 0-0 21. Kg2 Re8 22. Rh1 Nf8 23. Nh5 Qc4 24. Nf6+ gxf6 25. gxf6 Qc2 26. Qg4+ Qg6 27. Qd1 Kh8 28. Rh4 Qc2 29. Qg4 Qe4+ 0-1

[Event "FIDE World Uni Rapid-B 1st"]
[Site "Tornelo INT"]
[Date "2021.03.21"]
[Round "11"]
[White "Matanovic, Luka"]
[Black "Ribiere, Damien"]
[Result "0-1"]
[WhiteElo "2251"]
[BlackElo "2083"]
[PlyCount "62"]
[EventDate "2021.03.20"]
[EventType "swiss (rapid)"]
[EventRounds "12"]
[EventCountry "NET"]
[SourceTitle "CBM 201 Extra"]
[Source "ChessBase"]
[SourceDate "2021.05.31"]
[SourceVersion "1"]
[SourceVersionDate "2021.05.31"]
[SourceQuality "1"]

1. e4 d6 2. d4 Nf6 3. Bd3 g6 4. h3 Bg7 5. Nf3 0-0 6. 0-0 Nc6 7. Re1 e5 8. c3 Nd7 9. Bf1 a5 10. Na3 h6 11. Nb5 Na7 12. a4 Nxb5 13. axb5 b6 14. b4 Bb7 15. bxa5 Rxa5 16. Rxa5 bxa5 17. Bd3 Qa8 18. Bd2 f5 19. Qb3+ Kh7 20. dxe5 Nc5 21. Qc4 Nxd3 22. Re3 fxe4 23. exd6 cxd6 24. Nd4 Bd5 25. Qc7 Rf7 26. Qxd6 Be5 27. Qa3 Qd8 28. f3 Bf4 29. Rxd3 exd3 30. Bxf4 Rxf4 31. b6 d2 0-1

[Event "FIDE World Uni Rapid-B 1st"]
[Site "Tornelo INT"]
[Date "2021.03.21"]
[Round "8"]
[White "Ribiere, Damien"]
[Black "Agibileg, Uurtsaikh"]
[Result "0-1"]
[WhiteElo "2083"]
[BlackElo "2413"]
[PlyCount "92"]
[EventDate "2021.03.20"]
[EventType "swiss (rapid)"]
[EventRounds "12"]
[EventCountry "NET"]
[SourceTitle "CBM 201 Extra"]
[Source "ChessBase"]
[SourceDate "2021.05.31"]
[SourceVersion "1"]
[SourceVersionDate "2021.05.31"]
[SourceQuality "1"]

1. e4 c5 2. a3 e6 3. b4 cxb4 4. axb4 Bxb4 5. c3 Be7 6. d4 Nf6 7. Bd3 d6 8. Ne2 0-0 9. 0-0 e5 10. Nd2 Nbd7 11. h3 b6 12. Ng3 Re8 13. f4 Bb7 14. Qe1 Qc7 15. Nf3 Bf8 16. fxe5 dxe5 17. Bg5 Bd6 18. d5 a5 19. Nh4 b5 20. Ngf5 Bf8 21. Nh6+ gxh6 22. Bxf6 Qb6+ 23. Kh1 Nxf6 24. Rf3 Nh5 25. Nf5 Nf4 26. Qh4 b4 27. cxb4 axb4 28. Raf1 b3 29. g3 Nxd3 30. Nxh6+ Qxh6 31. Rxd3 Qxh4 32. gxh4 Ba6 33. Rg3+ Kh8 34. Rfg1 Bc5 35. Rc1 Bd4 36. Rxb3 Reb8 37. Rg3 Rb2 38. Rc7 Rb1+ 39. Kh2 Rf1 40. d6 Rd8 41. d7 Rf2+ 42. Kh1 Rb2 43. Ra3 Rb7 44. Rc8 Rb1+ 45. Kh2 Bxc8 46. Ra8 Rxd7 0-1

[Event "FIDE World Uni Blitz-B 1st"]
[Site "Tornelo INT"]
[Date "2021.03.13"]
[Round "8.57"]
[White "Angira, Choudhuri"]
[Black "Ribiere, Damien"]
[Result "0-1"]
[WhiteElo "1468"]
[BlackElo "2083"]
[PlyCount "126"]
[EventDate "2021.03.13"]
[EventType "swiss (blitz)"]
[EventRounds "10"]
[EventCountry "NET"]
[SourceTitle "EXT 2022"]
[Source "ChessBase"]
[SourceDate "2021.10.06"]
[SourceVersion "1"]
[SourceVersionDate "2021.10.06"]
[SourceQuality "1"]

1. e4 d6 2. d4 Nf6 3. Nd2 g6 4. Ngf3 Bg7 5. Bd3 0-0 6. 0-0 Nc6 7. Nb3 e5 8. dxe5 dxe5 9. Bg5 h6 10. Bxf6 Qxf6 11. Bc4 a5 12. Nc5 b6 13. Nd3 Bg4 14. Bd5 Rad8 15. Bxc6 Qxc6 16. Re1 Qf6 17. h3 Bxf3 18. Qxf3 Qxf3 19. gxf3 c5 20. Red1 c4 21. Ne1 Rd4 22. c3 Rdd8 23. Ng2 b5 24. Ne3 h5 25. Rd5 Rxd5 26. Nxd5 Rb8 27. Rd1 Bf8 28. Nf6+ Kg7 29. Nd5 b4 30. cxb4 axb4 31. Rc1 Ra8 32. Nb6 Rxa2 33. Nxc4 f6 34. Kf1 Bc5 35. Ke1 Bd4 36. Rc2 Ra1+ 37. Ke2 Rh1 38. Ne3 Rxh3 39. Rc4 Bxb2 40. Rxb4 Bd4 41. Rb1 Kh6 42. Rg1 Bxe3 43. fxe3 Rh2+ 44. Ke1 Ra2 45. Rg3 h4 46. Rh3 Kh5 47. Rh1 g5 48. Kf1 Ra1+ 49. Kg2 Rxh1 50. Kxh1 g4 51. Kg2 gxf3+ 52. Kxf3 Kg5 53. Kf2 Kg4 54. Kg2 h3+ 55. Kh2 Kf3 56. Kxh3 Kxe3 57. Kg3 Kxe4 58. Kg4 f5+ 59. Kg3 Ke3 60. Kg2 Ke2 61. Kg3 f4+ 62. Kg2 f3+ 63. Kg1 f2+ 0-1

[Event "Cappelle Online Blitz op"]
[Site "Europe Echecs INT"]
[Date "2021.03.07"]
[Round "7"]
[White "Leiva Rodriguez, Jeammarco Giuseppe"]
[Black "Ribiere, Damien"]
[Result "1/2-1/2"]
[WhiteElo "2391"]
[BlackElo "2083"]
[PlyCount "168"]
[EventDate "2021.03.07"]
[EventType "swiss (blitz)"]
[EventRounds "11"]
[EventCountry "FRA"]
[SourceTitle "CBM 201 Extra"]
[Source "ChessBase"]
[SourceDate "2021.05.31"]
[SourceVersion "1"]
[SourceVersionDate "2021.05.31"]
[SourceQuality "1"]

1. d4 Nf6 2. c4 g6 3. g3 Bg7 4. Bg2 d6 5. Nc3 0-0 6. Nf3 Nc6 7. 0-0 e5 8. d5 Nb8 9. c5 a5 10. cxd6 cxd6 11. Nd2 Na6 12. Nc4 Nc5 13. Be3 b6 14. Bxc5 bxc5 15. Qc2 Ba6 16. b3 Qc7 17. Rac1 Nd7 18. e3 f5 19. Rfe1 Rae8 20. Qd2 e4 21. Ne2 Bxc4 22. bxc4 g5 23. f4 exf3 24. Bxf3 Ne5 25. Bg2 Qe7 26. Nc3 Nxc4 27. Qd3 Nxe3 28. Nd1 Bd4 29. Nxe3 Bxe3+ 30. Kh1 f4 31. Bh3 Qe4+ 32. Qxe4 Rxe4 33. Rc3 Kg7 34. gxf4 gxf4 35. Bg4 Kf6 36. Kg2 Rb4 37. Kf1 Rg8 38. h3 h5 39. Bd1 Rg1+ 40. Ke2 Rb2+ 41. Rc2 Rg2+ 42. Kd3 Rbxc2 43. Bxc2 Ke5 44. Rd1 Rh2 45. Ba4 Rxh3 46. Kc4 Rh2 47. a3 Ra2 48. Kb3 Rf2 49. Rh1 Kxd5 50. Rxh5+ Kd4 51. Bc6 Kd3 52. Rd5+ Ke2 53. Rxd6 Bd4 54. Ka4 f3 55. Re6+ Kf1 56. Rh6 Kg2 57. Rg6+ Kh2 58. Rh6+ Kg3 59. Rg6+ Kf4 60. Rg8 Rf1 61. Rf8+ Ke3 62. Re8+ Kf2 63. Rf8 Ke3 64. Re8+ Kd2 65. Bb5 Rb1 66. Rf8 f2 67. Bc4 Rb7 68. Re8 Rf7 69. Re2+ Kd1 70. Ra2 Rf4 71. Kxa5 f1Q 72. Bxf1 Rxf1 73. a4 Rf8 74. Kb5 Rb8+ 75. Kc4 Kc1 76. a5 Kb1 77. Ra4 Ra8 78. a6 Kb2 79. a7 Kc2 80. Ra2+ Kb1 81. Ra6 Bf2 82. Kb3 c4+ 83. Kxc4 Rxa7 84. Rxa7 Bxa7 1/2-1/2

[Event "Cappelle Online Blitz op"]
[Site "Europe Echecs INT"]
[Date "2021.03.07"]
[Round "2"]
[White "Lobanov, Sergei"]
[Black "Ribiere, Damien"]
[Result "1-0"]
[WhiteElo "2516"]
[BlackElo "2083"]
[PlyCount "145"]
[EventDate "2021.03.07"]
[EventType "swiss (blitz)"]
[EventRounds "11"]
[EventCountry "FRA"]
[SourceTitle "CBM 201 Extra"]
[Source "ChessBase"]
[SourceDate "2021.05.31"]
[SourceVersion "1"]
[SourceVersionDate "2021.05.31"]
[SourceQuality "1"]

1. e4 d6 2. d4 Nf6 3. Nc3 g6 4. f4 Bg7 5. Nf3 0-0 6. Bd3 Nc6 7. e5 dxe5 8. fxe5 Nd5 9. Ne2 f6 10. exf6 exf6 11. 0-0 Kh8 12. c4 Nb6 13. Bf4 Bg4 14. d5 Ne5 15. Bxe5 fxe5 16. Ng3 Nd7 17. Ne4 Qe7 18. h3 Bxf3 19. Rxf3 Rxf3 20. Qxf3 Rf8 21. Qe3 b6 22. a3 Nc5 23. b4 Nxe4 24. Bxe4 Qh4 25. c5 Bh6 26. Qe1 Qf4 27. Kh1 Bg5 28. d6 cxd6 29. cxd6 Rd8 30. Rd1 Qf7 31. Qc3 Qf4 32. Qd3 Qf6 33. b5 Kg7 34. d7 Qe7 35. Bc6 h5 36. Qe4 h4 37. Re1 Bf6 38. a4 Qd6 39. Qf3 Qe7 40. Qg4 Qf7 41. Rf1 Qe7 42. Re1 Rf8 43. Re4 Qc5 44. Qe2 Qe7 45. Rg4 Bg5 46. Be4 Rd8 47. Bc6 Rf8 48. Qd3 Qf6 49. Bf3 Bf4 50. Qd5 Rd8 51. Qc6 g5 52. Be4 Kf7 53. Qc4+ Ke7 54. Bc6 Qd6 55. Qe2 Qd4 56. Qf1 Qb2 57. Qd1 Qd2 58. Qxd2 Bxd2 59. Re4 Bf4 60. Kg1 Kd6 61. Kf2 Rxd7 62. Bxd7 Kxd7 63. Rc4 Bd2 64. Kf3 Bf4 65. Ke4 Kd6 66. Rc6+ Kd7 67. Rg6 Kc7 68. Kd5 e4 69. Kxe4 Kb7 70. Rg7+ Kb8 71. Kd5 Kc8 72. Kc6 Kd8 73. Rxa7 1-0

[Event "FRA-ch Blitz Online Qual"]
[Site "Europe Echecs INT"]
[Date "2020.05.16"]
[Round "6"]
[White "Ribiere, Damien"]
[Black "Debray, Christopher"]
[Result "0-1"]
[WhiteElo "2083"]
[BlackElo "2376"]
[PlyCount "76"]
[EventDate "2020.05.16"]
[EventType "swiss (blitz)"]
[EventRounds "15"]
[EventCountry "FRA"]
[SourceTitle "CBM 196 Extra"]
[Source "ChessBase"]
[SourceDate "2020.07.31"]
[SourceVersion "1"]
[SourceVersionDate "2020.07.31"]
[SourceQuality "1"]

1. e4 c5 2. a3 g6 3. Nc3 Bg7 4. Bc4 e6 5. Ba2 Ne7 6. d3 0-0 7. h4 h5 8. g4 hxg4 9. Qxg4 d5 10. h5 Nbc6 11. Qh4 f6 12. hxg6 Nxg6 13. Qh7+ Kf7 14. Bh6 Rg8 15. exd5 Nd4 16. 0-0-0 b5 17. Re1 b4 18. dxe6+ Bxe6 19. Bxe6+ Nxe6 20. Rxe6 bxc3 21. Nf3 Kxe6 22. Qxg6 Bxh6+ 23. Qxh6 Qd5 24. Re1+ Kf7 25. Qh3 Rae8 26. Rh1 Rh8 27. Qg2 Rxh1+ 28. Qxh1 Qf5 29. Qg2 cxb2+ 30. Kxb2 Re2 31. Kc3 Qf4 32. Kb2 c4 33. Qh3 cxd3 34. Qd7+ Re7 35. Qd5+ Kg7 36. cxd3 Qc7 37. Nd4 Qb7+ 38. Kc3 Qxd5 0-1